MARC

Tag First Indicator Second Indicator Subfields
LEADER 00000cam a2200000Ii 4500
001 in00003445921
005 20140418153236.0
008 130116s2013 gw a b 000 0dger d
035 |a (OCoLC)ocn864818435 
040 |a OHX  |b eng  |e rda  |c OHX  |d OCLCO  |d TXA 
016 7 |a 1029785341  |2 GyFmDB 
020 |a 9783520511010 (pbk.) 
020 |a 3520511010 (pbk.) 
050 4 |a PR2900  |b .S33 2013 
072 7 |a PR  |2 lcco 
049 |a TXAM 
100 1 |a Schabert, Ina. 
245 1 0 |a Shakespeares :  |b die unendliche Vielfalt der Bilder /  |c Ina Schabert. 
264 1 |a Stuttgart :  |b Alfred Kröner Verlag,  |c 2013. 
300 |a 199 pages :  |b 10 illustrations ;  |c 19 cm. 
336 |a text  |b txt  |2 rdacontent 
337 |a unmediated  |b n  |2 rdamedia 
338 |a volume  |b nc  |2 rdacarrier 
490 1 |a Kröner Taschenbuch ;  |v Band 511 
504 |a Includes bibliographical references. 
600 1 0 |a Shakespeare, William,  |d 1564-1616  |x Psychology. 
600 1 0 |a Shakespeare, William,  |d 1564-1616  |x Appreciation. 
600 1 0 |a Shakespeare, William,  |d 1564-1616  |x Public opinion. 
600 1 0 |a Shakespeare, William,  |d 1564-1616  |x Criticism and interpretation. 
830 0 |a Kröners Taschenausgabe ;  |v Bd. 511. 
856 4 2 |3 Description of book found on page before title page  |u http://deposit.d-nb.de/cgi-bin/dokserv?id=4234641&prov=M&dok%5Fvar=1&dok%5Fext=htm  |t 0 
856 4 2 |3 Table of contents  |u http://d-nb.info/1029785341/04  |t 0 
856 4 2 |u http://deposit.d-nb.de/cgi-bin/dokserv?id=4234641&prov=M&dok_var=1&dok_ext=htm  |3 Inhaltstext  |t 0 
938 |a Otto Harrassowitz  |b HARR  |n har130057953 
948 |a cataloged  |b h  |c 2014/4/18  |d c  |e jmarner  |f 3:32:23 pm 
994 |a C0  |b TXA 
999 f f |s 731dc92e-3bcd-3837-bdf3-2f46d605dd3a  |i 83507e9c-fd6f-3166-8026-6700b0c26f7f  |t 0 
952 f f |p normal  |a Texas A&M University  |b College Station  |c Sterling C. Evans Library  |d Evans: Library Stacks  |t 0  |e PR2900 .S33 2013  |h Library of Congress classification  |i unmediated -- volume  |m A14841658657 
998 f f |a PR2900 .S33 2013  |t 0  |l Evans: Library Stacks